|
|
|
|
| LEADER |
01107nam a2200265 a 4500 |
| 001 |
15015659 |
| 008 |
120731s2006 bg ab b 001 0 eng d |
| 010 |
|
|
|a 2007340390
|
| 020 |
|
|
|a 9840517759
|
| 040 |
|
|
|a DLC
|c DLC
|d DLC
|d BD-DhAAL
|
| 042 |
|
|
|a lcode
|
| 043 |
|
|
|a a-bg---
|
| 082 |
0 |
0 |
|a 639.543095492
|
| 245 |
0 |
0 |
|a Shrimp farming and industry :
|b sustainability, trade, and livelihoods /
|c editors, A. Atiq Rahman ... [et al.].
|
| 260 |
|
|
|a Dhaka :
|b Bangladesh Centre for Advanced Studies :
|b University Press Ltd.,
|c 2006.
|
| 300 |
|
|
|a xxxvi, 552 p. :
|b ill., maps ;
|c 25 cm.
|
| 520 |
|
|
|a With reference to Bangladesh.
|
| 504 |
|
|
|a Includes bibliographical references and index.
|
| 541 |
1 |
|
|e 00025704
|
| 650 |
|
0 |
|a Shrimp culture
|z Bangladesh.
|
| 700 |
1 |
|
|a Rahman, A. Atiq.
|
| 710 |
2 |
|
|a Bangladesh Centre for Advanced Studies.
|
| 852 |
1 |
|
|a Ayesha Abed library
|c General Shelf
|
| 999 |
|
|
|c 12642
|d 12642
|
| 952 |
|
|
|0 0
|1 0
|2 ddc
|4 0
|6 639_543095492000000_SHR
|7 0
|9 20872
|a IGS
|b IGS
|c GEN
|d 2012-08-01
|e The University Press Limited
|g 2000.00
|l 1
|m 2
|o 639.543095492 SHR
|p 3010025704
|r 2014-06-10
|s 2013-02-18
|t 1
|w 2012-08-01
|y BK
|